|
|
|
|
| LEADER |
00000cam a2200000 7i4500 |
| 001 |
0000021427 |
| 005 |
20080717.0 |
| 008 |
080417 |
| 020 |
|
|
|a 1853614416
|
| 090 |
0 |
0 |
|a 798.23
|b SMI
|
| 100 |
1 |
|
|a Smith, Nicole
|
| 245 |
1 |
0 |
|a Easy steps to riding and horse care
|c Nicole Smith
|
| 260 |
|
|
|a London :
|b Regency House Publishing Ltd ,
|c 1996
|
| 650 |
|
0 |
|a Horsemanship
|
| 650 |
|
0 |
|a Horses
|
| 999 |
|
|
|a 0000000400
|b Book
|c Adult Collection
|e Cawangan Bandar Penawar
|
| 999 |
|
|
|a 0000606447
|b Book
|c Adult Collection
|e Cawangan Muar
|
| 999 |
|
|
|a 0000606448
|b Book
|c Adult Collection
|e Cawangan Pontian
|
| 999 |
|
|
|a 0000606450
|b Book
|c Adult Collection
|e Cawangan Tmn. Ungku Tun Aminah
|
| 999 |
|
|
|a 0000760386
|b Book
|c Adult Collection
|e Cawangan Pontian
|
| 999 |
|
|
|a 0000760391
|b Book
|c Adult Collection
|e Cawangan Tmn. Ungku Tun Aminah
|
| 999 |
|
|
|a 0000760393
|b Book
|c Adult Collection
|e Cawangan Muar
|
| 999 |
|
|
|a 0000766188
|b Book
|c Adult Collection
|e Cawangan Bandar Penawar
|
| 999 |
|
|
|a 0000794652
|b Book
|c REFERENCE
|e Cawangan Segamat
|
| 999 |
|
|
|a 0000819478
|b Book
|c REFERENCE
|e Cawangan Segamat
|
| 999 |
|
|
|a 0000819479
|b Book
|c REFERENCE
|e Cawangan Segamat
|
| 999 |
|
|
|a 0000821615
|b Book
|c Adult Collection
|e Cawangan Tmn. Ungku Tun Aminah
|
| 999 |
|
|
|a 0001029549
|b Book
|c Adult Collection
|e Perbadanan Perpustakaan Awam Johor
|
| 999 |
|
|
|a 000606447
|b Book
|c Adult Collection
|e Cawangan Muar
|